| 000 | 00598nam a2200217 a 4500 | ||
|---|---|---|---|
| 999 |
_c4563 _d4563 |
||
| 001 | 4563 | ||
| 003 | BD-JhCC | ||
| 005 | 20171128181647.0 | ||
| 008 | 171128s1958 pk |||| |||| 000 0 eng d | ||
| 035 | _a(BD-JhCC) | ||
| 040 |
_aBD-JhCC _dBD-JhCC |
||
| 041 | _aeng | ||
| 082 |
_a354.54 _bQUR 1958 |
||
| 100 | _aQureshi, Ishtiaq Husain | ||
| 245 |
_aThe Admistration of the Sultanate of Dehli / _cIshtiaq Husnain Qureshi |
||
| 260 |
_aPakistan: _bPakistan Historical Society; _c1958 |
||
| 300 |
_a313 p.; _c22 cm |
||
| 650 |
_aMuslims _zIndia |
||
| 650 | _aPolitics and government | ||
| 942 |
_2ddc _cBK |
||